000 00643nam a2200229Ia 4500
003 OSt
005 20250827115751.0
008 220923b |||||||| |||| 00| 0 eng d
037 _cReference
040 _aRTL
_cRTL
_beng
041 _2eng
_aeng
084 _aC.138 K2/SC
_qRTL
100 _aGamow, George
_9316805
245 0 _aGravity
260 _aNew York
_bDoubleday and Company Inc.
_c1962
300 _a157 p.
_bIncludes bibliographical reference and index
500 _aScience study series.
650 _aGravity
650 _aPhysics
942 _hC.138 K2/SC
_cREF
_2CC
_n0
999 _c623430
_d623430